costa Rica: Evolución económica durante 1995
Guardado en:
| Institution som forfatter: | |
|---|---|
| Format: | Texto |
| Udgivet: |
México D.F.:
CEPAL
|
| Tags: |
Tilføj Tag
Ingen Tags, Vær først til at tagge denne postø!
|
MARC
| LEADER | 00000 a a2200000 04500 | ||
|---|---|---|---|
| 001 | 23417 | ||
| 003 | |||
| 040 | |||
| 090 | |a 162700 | ||
| 110 | |a CEPAL | ||
| 245 | |a costa Rica: Evolución económica durante 1995 | ||
| 260 | |a México D.F.: |b CEPAL | ||
| 300 | |a 37 p. |b **no definido** | ||
| 999 | |c 7279 |d 7279 | ||
